Normal view
MARC view
Entry Término temático
001 - NÚMERO DE CONTROL
- campo de control: 175989
003 - IDENTIFICADOR DEL NÚMERO DE CONTROL
- campo de control: OSt
005 - FECHA Y HORA DE LA ÚLTIMA TRANSACCIÓN
- campo de control: 20220601055020.0
008 - DATOS DE LONGITUD FIJA
- campo de control de longitud fija: 220601|| aca||aabn | a|a d
040 ## - FUENTE DE LA CATALOGACIÓN
- Centro catalogador/agencia de origen: OSt
- Centro/agencia transcriptor: OSt
150 ## - ENCABEZAMIENTO--TÉRMINO DE MATERIA
- Término de materia o nombre geográfico como elemento de entrada: 1. Control de plagas2. Control biológico de plagasÌ
670 ## - FUENTE DE DATOS ENCONTRADOS
- Cita de la fuente: Work cat.: (OSt)209454: Centro panamericano de ecología humana y salud 155658, Información técnica sobre el agente de control biológico, Trad. (Eco) Bacillus Thuringiensis (sh 14) de Barjac 1978 / Centro panamericano de ecologia humana y salud
